000 00434nam a2200133Ia 4500
005 20260209120139.0
008 260209s9999||||xx |||||||||||||| ||und||
100 _aVipul Gaur
245 0 _aGoods and services tax in India : an analysis
260 _aBangaloreBangalore
_bNLSIU
_c2017
300 _a166 p. ; 25 cm.
700 _aProf. V S Mallar - GuideProf. V S Mallar - Guide
856 _uhttps://dans.nls.ac.in/handle/123456789/1557
999 _c217339
_d217339